1150 1853 1570 1220 1940 1171 1938 1009 1128 1789 1107 1734 1057 1334 1127 1633 1977 1647 1513 1388 1618 1853 1540 1674 1144 1757 1022 1444 1970 1644 1049 1375 1761 1572 1890 1727 1520 1062 1442 1728 1199 1839 1976 1301 1060 1043 1220 1135 1440 1256 1668 1837 1562 1248 1636 1590 1461 1056 1711 1381 1302 1882 1843 1505 1726 1613 1744 1582 1349 1310 1806 1821 1329 1703 1235 1812 1509 1060 1711 1635 1327 1831 1698 1376 1242 1032 1586 1315 1730 1955 1101 1502 1460 1962 1128 1607 1845 1526 1851 BCNSPRNW ULIB Ver.6.0+V

เปลี่ยนเป็นภาษาไทย

Change to English
 แสดงรายละเอียดบรรณานุกรม
  กลับหน้าหลัก

Brief Record : Get Marc (ISO 2709) : E-mail record : QR code < ปิดหน้าต่าง
LEADER : 00000nam 2200000uu 4500
001    13399123495
003     ULIB
008    140928s2555||||th 000 0 tha d
020    ^a9786167495057
060 04 ^aWY152^bผ225ก
100 0  ^aผ่องพรรณ อรุณแสง
245 10 ^aการพยาบาล ปัญหาสำคัญของผู้สูงอายุ : การนำใช้/^cผ่องพรรณ อรุณแสง
250    ^aพิมพ์ครั้งที่ 3
260    ^aขอนแก่น :^bมหาวิทยาลัยขอนแก่น,^c2555
300    ^a290 หน้า
650  7 ^aการพยาบาลผู้สูงอายุ
650  7 ^aแนวคิดการพยาบาลผู้สูงอายุ
650  7 ^aผู้สูงอายุ^xการดูแล
650  7 ^aปัญหาสุขภาพ^xผู้สูงอายุ
710 2  ^aมหาวิทยาลัยขอนแก่น. ^bคณะพยาบาลศาสตร์
945    ^p300^l0^i039576
945    ^p300^l0^i039577
945    ^p300^l0^i035978
945    ^p300^l0^i035979
945    ^p300^l0^i035980
945    ^p300^l0^i035981
945    ^p300^l0^i035982
945    ^p300^l0^i035983
945    ^p300^l0^i035984
945    ^p300^l0^i035985
945    ^p300^l0^i035986
945    ^p300^l0^i035987
945    ^p300^l0^i035988
945    ^p300^l0^i035989
945    ^p300^l0^i035990
945    ^p300^l0^i037857
945    ^p300^l0^i037858
945    ^p300^l0^i003550
945    ^p300^l0^i003551
999    ^aเกษร โพธิ์สุวรรณ
รายการนี้ยังไม่มีแท็ก
คุณยังไม่ได้ล็อกอิน คุณสามารถมีกิจกรรมร่วมกับเว็บไซต์ได้ แต่ต้องล็อกอินก่อน ::
  ล็อกอิน

รายการสื่อสารสนเทศ

ลำดับที่ ประเภท เลขเรียก/บาร์โค้ด สถานที่ สถานะ
1. Book การพยาบาล
หนังสือสำรอง
สถานะ=หนังสือสำรอง
WY152 ผ225ก ฉ.1 
  Barcode: 039576
ห้องสมุดวิทยาเขตสวรรค์ประชารักษ์
►หนังสือทั่วไป
บนชั้น
2. Book การพยาบาล
Book การพยาบาล
WY152 ผ225ก ฉ.10 
  Barcode: 035985
ห้องสมุดวิทยาเขตสวรรค์ประชารักษ์
►ส่วนจัดเก็บหนังสือเก่า สปร
บนชั้น
  ขอยืม
3. Book การพยาบาล
Book การพยาบาล
WY152 ผ225ก ฉ.11 
  Barcode: 035986
ห้องสมุดวิทยาเขตสวรรค์ประชารักษ์
►ส่วนจัดเก็บหนังสือเก่า สปร
บนชั้น
  ขอยืม
4. Book การพยาบาล
Book การพยาบาล
WY152 ผ225ก ฉ.12 
  Barcode: 035987
ห้องสมุดวิทยาเขตสวรรค์ประชารักษ์
►ส่วนจัดเก็บหนังสือเก่า สปร
บนชั้น
  ขอยืม
5. Book การพยาบาล
Book การพยาบาล
WY152 ผ225ก ฉ.13 
  Barcode: 035988
ห้องสมุดวิทยาเขตสวรรค์ประชารักษ์
►ส่วนจัดเก็บหนังสือเก่า สปร
บนชั้น
  ขอยืม
6. Book การพยาบาล
Book การพยาบาล
WY152 ผ225ก ฉ.14 
  Barcode: 035989
ห้องสมุดวิทยาเขตสวรรค์ประชารักษ์
►ส่วนจัดเก็บหนังสือเก่า สปร
บนชั้น
  ขอยืม
7. Book การพยาบาล
Book การพยาบาล
WY152 ผ225ก ฉ.15 
  Barcode: 035990
ห้องสมุดวิทยาเขตสวรรค์ประชารักษ์
►หนังสือทั่วไป
บนชั้น
8. วิทยาศาสตร์การแพทย์ และสุขภาพ
วิทยาศาสตร์การแพทย์ และสุขภาพ
WY152 ผ225ก ฉ.16 
  Barcode: 037857
ห้องสมุดวิทยาเขตสวรรค์ประชารักษ์
►ส่วนจัดเก็บหนังสือเก่า สปร
บนชั้น
  ขอยืม
9. วิทยาศาสตร์การแพทย์ และสุขภาพ
วิทยาศาสตร์การแพทย์ และสุขภาพ
WY152 ผ225ก ฉ.17 
  Barcode: 037858
ห้องสมุดวิทยาเขตสวรรค์ประชารักษ์
►ส่วนจัดเก็บหนังสือเก่า สปร
บนชั้น
  ขอยืม
10. วิทยาศาสตร์การแพทย์ และสุขภาพ
วิทยาศาสตร์การแพทย์ และสุขภาพ
WY152 ผ225ก ฉ.18 
  Barcode: 003550
ห้องสมุดวิทยาเขตสวรรค์ประชารักษ์
►ส่วนจัดเก็บหนังสือเก่า สปร
บนชั้น
  ขอยืม
11. วิทยาศาสตร์การแพทย์ และสุขภาพ
วิทยาศาสตร์การแพทย์ และสุขภาพ
WY152 ผ225ก ฉ.19 
  Barcode: 003551
ห้องสมุดวิทยาเขตสวรรค์ประชารักษ์
►ส่วนจัดเก็บหนังสือเก่า สปร
บนชั้น
  ขอยืม
12. Book การพยาบาล
Book การพยาบาล
WY152 ผ225ก ฉ.2 
  Barcode: 039577
ห้องสมุดวิทยาเขตสวรรค์ประชารักษ์
►หนังสือทั่วไป
บนชั้น
13. Book การพยาบาล
Book การพยาบาล
WY152 ผ225ก ฉ.3 
  Barcode: 035978
ห้องสมุดวิทยาเขตสวรรค์ประชารักษ์
►ส่วนจัดเก็บหนังสือเก่า สปร
บนชั้น
  ขอยืม
14. Book การพยาบาล
Book การพยาบาล
WY152 ผ225ก ฉ.4 
  Barcode: 035979
ห้องสมุดวิทยาเขตสวรรค์ประชารักษ์
►ส่วนจัดเก็บหนังสือเก่า สปร
บนชั้น
  ขอยืม
15. Book การพยาบาล
Book การพยาบาล
WY152 ผ225ก ฉ.5 
  Barcode: 035980
ห้องสมุดวิทยาเขตสวรรค์ประชารักษ์
►ส่วนจัดเก็บหนังสือเก่า สปร
บนชั้น
  ขอยืม
16. Book การพยาบาล
Book การพยาบาล
WY152 ผ225ก ฉ.6 
  Barcode: 035981
ห้องสมุดวิทยาเขตสวรรค์ประชารักษ์
►ส่วนจัดเก็บหนังสือเก่า สปร
บนชั้น
  ขอยืม
17. Book การพยาบาล
Book การพยาบาล
WY152 ผ225ก ฉ.7 
  Barcode: 035982
ห้องสมุดวิทยาเขตสวรรค์ประชารักษ์
►ส่วนจัดเก็บหนังสือเก่า สปร
บนชั้น
  ขอยืม
18. Book การพยาบาล
Book การพยาบาล
WY152 ผ225ก ฉ.8 
  Barcode: 035983
ห้องสมุดวิทยาเขตสวรรค์ประชารักษ์
►ส่วนจัดเก็บหนังสือเก่า สปร
บนชั้น
  ขอยืม
19. Book การพยาบาล
Book การพยาบาล
WY152 ผ225ก ฉ.9 
  Barcode: 035984
ห้องสมุดวิทยาเขตสวรรค์ประชารักษ์
►ส่วนจัดเก็บหนังสือเก่า สปร
บนชั้น
  ขอยืม

รายการใกล้เคียง
    ผู้แต่ง [ผ่องพรรณ อรุณแสง]

    หัวเรื่อง [การพยาบาลผู้สูงอายุ]
    หัวเรื่อง [แนวคิดการพยาบาลผู้สูงอายุ]
    หัวเรื่อง [ผู้สูงอายุ การดูแล]

BibComment


ยังไม่เคยถูกคอมเมนท์

คอมเมนท์ทรัพยากรรายการนี้
  คอมเมนท์: การพยาบาล ปัญหาส..


 Copyright 2026. Bcnsprnw @Library